| 000 | 00576cam a22002052a 4500 | ||
|---|---|---|---|
| 001 | 005870 | ||
| 003 | AR-FADEU | ||
| 008 | 311216n1968####xxu####################dd | ||
| 092 |
_a398.27 _bL664m |
||
| 100 | _aLévi-Strauss, Claude | ||
| 245 | _aMitológicas | ||
| 260 | _aMéxico | ||
| 260 | _bFondo de Cultura Económica | ||
| 260 | _c1968 | ||
| 300 | _a1 v. : il | ||
| 440 | _aSección de obras de antropología | ||
| 500 | _aT. 1. Lo crudo y lo cocido -- Incluye bibliografía | ||
| 650 | _aMITOLOGIA-AMERICA DEL NORTE; MITOLOGIA-AMERICA LATINA | ||
| 942 | _cBDGR | ||
| 999 |
_c11691 _d11691 |
||